书目信息 |
| 题名: |
抗老防衰130问
|
|
| 作者: | 杨久松 | |
| 分册: | ||
| 出版信息: | 北京 金盾出版社 1996.02 |
|
| 页数: | 210页 | |
| 开本: | 19cm | |
| 丛书名: | ||
| 单 册: | ||
| 中图分类: | R161.7-44 | |
| 科图分类: | ||
| 主题词: | 个人卫生 | |
| 电子资源: | ||
| ISBN: | 7-5082-0120-5 | |
| 000 | 00525nam0 2200193 45 | |
| 001 | 0308271061 | |
| 005 | 20030827105636.6 | |
| 010 | @a7-5082-0120-5@dRMB6.90 | |
| 100 | @a20030827d1996 km y0chiy0120 ea | |
| 101 | @achi | |
| 105 | @a z 000yy | |
| 200 | 1 | @a抗老防衰130问@Akang lao fang shuai 130 wen@f杨久松@Fyang jiu song |
| 210 | @a北京@c金盾出版社@d1996.02 | |
| 215 | @a210页@c无图表@d19cm | |
| 606 | 0 | @a个人卫生 |
| 690 | @aR161.7-44@v3 | |
| 701 | 0 | @a杨久松 |
| 801 | @aCN@b@c20030827 | |
| 905 | @aBZT@dR161.7-44@e36 | |
| 抗老防衰130问/杨久松.-北京:金盾出版社,1996.02 |
| 210页:无图表;19cm |
| ISBN 7-5082-0120-5:RMB6.90 |
| ● |
| 相关链接 |
|
|
|
正题名:抗老防衰130问
索取号:R161.7-44/36
 
预约/预借
| 序号 | 登录号 | 条形码 | 馆藏地/架位号 | 状态 | 备注 |
| 1 | 101097 | 200743669 | 中心书库中库/ 中库001架B面7列4层50/ [索取号:R161.7-44/36] | 在馆 | |
| 2 | 101098 | 200743829 | 中心书库中库/ 中库001架B面7列4层52/ [索取号:R161.7-44/36] | 在馆 | |
| 3 | 101099 | 200743865 | 中心书库中库/ 中库001架B面7列4层43/ [索取号:R161.7-44/36] | 在馆 | |
| 4 | 101100 | 200743856 | 中心书库中库/ 中库001架B面7列4层51/ [索取号:R161.7-44/36] | 在馆 | |
| 5 | 101101 | 200743623 | 中心书库中库/ 中库001架B面7列4层47/ [索取号:R161.7-44/36] | 在馆 | |
| 6 | 101102 | 200743632 | 中心书库中库/ 中库001架B面7列4层49/ [索取号:R161.7-44/36] | 在馆 | |
| 7 | 101103 | 200743838 | 中心书库中库/ 中库001架B面3列4层56/ [索取号:R161.7-44/36] | 在馆 | |
| 8 | 101104 | 200743641 | 中心书库中库/ 中库001架B面6列5层28/ [索取号:R161.7-44/36] | 在馆 | |
| 9 | 101105 | 200743847 | 中心书库中库/ 中库001架B面7列4层44/ [索取号:R161.7-44/36] | 在馆 | |
| 10 | 101106 | 200743650 | 中心书库中库/ 中库001架B面7列4层46/ [索取号:R161.7-44/36] | 在馆 | |
| 11 | 47524 | 200191416 | 中心书库中库/ 中库001架B面3列4层57/ [索取号:R161.7-44/36] | 在馆 | |
| 12 | 47525 | 200191443 | 中心书库中库/ 中库001架B面7列4层48/ [索取号:R161.7-44/36] | 在馆 | |
| 13 | 47526 | 200191425 | 中心书库中库/ 中库001架B面7列4层45/ [索取号:R161.7-44/36] | 在馆 | |
| 14 | 47527 | 200191390 | 中心书库中库/ 中库001架B面6列5层27/ [索取号:R161.7-44/36] | 在馆 | |
| 15 | 47528 | 200191407 | 中心书库中库/ 中库001架B面3列5层49/ [索取号:R161.7-44/36] | 在馆 |